Países con más hombres - Estadísticas

Estadísticas generales
  • Esta prueba ha sido intentada 3.157 veces
    2.447 desde el último reinicio
  • La puntuación promedio es 10 de 20
Estadísticas de respuestas
Hombres sobrantes País % Correcto
42,5 M China
96%
54,2 M India
94%
4,51 M Pakistán
68%
1,27 M Irán
66%
4,69 M Arabia Saudita
63%
2,60 M Egipto
58%
603 mil Afganistán
57%
4,44 M Emiratos Árabes Unidos
49%
2,15 M Nigeria
49%
444 mil Omán
46%
429 mil Turquía
46%
1,62 M Catar
44%
673 mil Argelia
42%
493 mil Vietnam
38%
543 mil Jordania
33%
560 mil Filipinas
32%
703 mil Kuwait
32%
491 mil Malasia
31%
383 mil Baréin
28%
334 mil Sudán del Sur
21%
No se encontraron pruebas coincidentes
Distribución de puntuación
Porcentaje de gente con cada puntuación
Porcentaje por número respondido
Historial de tus puntuaciones
No has intentado esta prueba desde el último reinicio